00677nam a2200241 a 4500001001300000003000900013005001700022008004100039020001000080082001600090100002000106245001800126260003200144300000900176500003500185505001700220650002700237700002000264902000800284942000700292952011900299999001700418nice12345678IN_TiNIC20260116015151.0050524s1954 lona grp 000 0 eng  ac10000a248.22bGRI aGriffiths, Bede aGolden String aLondonbHarvill Pressc1954 a168p aincludes index and biblioraphy2 aBibliography aMysticism-Christianity1 aGriffiths, Bede bSRS cBK 001040708StackRoom-aHMIbHMId2007-07-06g100.00l0o248.22 GRIp11000566r2007-07-06v100.00w2005-05-24yBK c18582d18582